CROSS (Comprehensive Review Of Small Subjects) / (Record no. 57070)

MARC details
000 -LEADER
fixed length control field 00728nam a22002177a 4500
005 - DATE AND TIME OF LATEST TRANSACTION
control field 2011092700130.0
010 ## - LCCN (DPL NO)
LC control number G-001487
020 ## - INTERNATIONAL STANDARD BOOK NUMBER
Terms of availability 300.00
International Standard Book Number 8187925272
035 1d - SYSTEM CONTROL NUMBER
System control number G-001487
037 ## - SOURCE OF ACQUISITION
Source of stock number/acquisition Gift
082 ## - DEWEY DECIMAL CLASSIFICATION NUMBER
Classification number 610
100 ## - MAIN ENTRY--PERSONAL NAME
Personal name Shukla, Anurag
245 ## - TITLE STATEMENT
Title CROSS (Comprehensive Review Of Small Subjects) /
Statement of responsibility, etc by Anurag Shukla
250 ## - EDITION STATEMENT
Edition statement 2nd ed.
260 ## - PUBLICATION, DISTRIBUTION, ETC. (IMPRINT)
Place of publication, distribution, etc New Delhi
Name of publisher, distributor, etc Aditya Medical Publishers
Date of publication, distribution, etc 2003
270 ## - ADDRESS
Address 2/7, Ansari Road, Daryaganj
City New Delhi
Postal code 110002
300 ## - PHYSICAL DESCRIPTION
Extent Various pagings
Dimensions 24cm(pbk)
942 ## - ADDED ENTRY ELEMENTS (KOHA)
Source of classification or shelving scheme Dewey Decimal Classification
Item type English Books
Classification part 610
Call number suffix SHU
Holdings
Withdrawn status Lost status Not for loan Collection code Home library Current library Date acquired Source of acquisition Cost, normal purchase price Full call number Barcode Copy number Cost, replacement price Koha item type
      Non-fiction Janak Puri Janak Puri 27/09/2011 gift 300.00 610 SHU G-001487 1 300.00 English Books

© Delhi Public Library
Hit Counter
free hit counter